000 01106nam2a22002291 4500
001 RU\NLR\A1SV\48962
005 20251203152403.2
035 _a(NLR Aleph) 009731006
090 _a13480705
_c13480705
100 _a20040105d1926 u y0rusy50 ca
101 0 _arus
200 1 _aПлодовый и ягодный сад
210 _aМ.
_aЛ.
_d1926
215 _a76 с.
_c13 ил.
320 _aБиблиогр. в предисл.
461 0 _1001RU\NLR\A1SV\48956
_12000#$aНаблюдай природу$e[Тетрадь для самостоят. работ и наблюдений]$fБ.Игнатьев и С.Соколов$vВып.5
_1700#1$aИгнатьев$bБ. В.$f1883-1950$gБорис Варнавович$3RU\NLR\AUTH\770244514$4070
_99909209
_aИгнатьев, Б. В. (1883-1950)
_cМ.
_d1923-1926
_fБ.Игнатьев и С.Соколов
_nГос. изд.
_o[Тетрадь для самостоят. работ и наблюдений]
_tНаблюдай природу
_vВып.5
801 0 _aRU
_bNLR
_c20040105
852 _aNLR
942 _cBOOK
980 _aA1SV
980 _aNB